Decentralization Versus Centralization and Financing of Slovak Municipalities

Decentralizácia ako výsledok reforiem verejnej samosprávy v rámci posilnenia kompetencie obcí. Zachovanie mechanizmov financovania zo strany štátu sa však vo veľkej miere zachovalo. Skúmanie niekoľkých ukazovateľov merania „závislosti“ financovania obcí od štátu a to: daňová sila, miera sebestačnost...

Descripción completa

Guardado en:
Detalles Bibliográficos
Autor principal: Žárska, Elena, 1955-
Formato: Capítulo de libro
Lenguaje:inglés
Materias:
Etiquetas: Agregar Etiqueta
Sin Etiquetas, Sea el primero en etiquetar este registro!

MARC

LEADER 00000naa$a2200000$$$4500
001 0270507
005 20240502083814.0
041 0 |a eng 
044 |a CZ 
245 1 0 |a Decentralization Versus Centralization and Financing of Slovak Municipalities  |c Elena Žárska 
520 |a Decentralizácia ako výsledok reforiem verejnej samosprávy v rámci posilnenia kompetencie obcí. Zachovanie mechanizmov financovania zo strany štátu sa však vo veľkej miere zachovalo. Skúmanie niekoľkých ukazovateľov merania „závislosti“ financovania obcí od štátu a to: daňová sila, miera sebestačnosti 1 a miera sebestačnosti 2. 
610 2 0 |a obce 
610 2 0 |a financovanie 
610 2 0 |a decentralizácia 
610 2 0 |a centralizácia 
610 2 0 |a samospráva 
100 1 |a Žárska, Elena, 1955-